Statistics for State Fishes

Click here to take the quiz!

General Stats

  • This quiz has been taken 36 times
  • The average score is 19 of 60

Answer Stats

StateFish% Correct
IllinoisBluegill
59%
FloridaFlorida Largemouth Bass
59%
TennesseeLargemouth Bass
59%
MississippiLargemouth Bass
59%
IndianaLargemouth Bass
59%
GeorgiaLargemouth Bass
59%
AlabamaLargemouth Bass
59%
West VirginiaWest Virginia Golden Brook Trout
45%
South DakotaWalleye
41%
OhioWalleye
41%
Walleye
41%
MinnesotaWalleye
41%
PennsylvaniaBrook Trout
36%
MichiganBrook Trout
36%
VermontBrook Trout
36%
New YorkBrook Trout
36%
New JerseyBrook Trout
36%
VirginiaBrook Trout
36%
New HampshireBrook Trout
36%
Channel Catfish
36%
MissouriChannel Catfish
36%
NebraskaChannel Catfish
36%
IowaChannel Catfish
36%
KansasChannel Catfish
36%
MassachusettsCod
36%
AlaskaKing Salmon
36%
North DakotaNorthern Pike
36%
MarylandRockfish
36%
North CarolinaSouthern Appalachian Brook Trout
36%
Striped Bass
36%
Striped Bass
36%
South CarolinaStriped Bass
36%
Rhode IslandStriped Bass
36%
Striped Bass
36%
UtahBonneville Cutthroat Trout
32%
WyomingCutthroat Trout
32%
MontanaCutthroat Trout
32%
IdahoCutthroat Trout
32%
ColoradoGreenback Cutthroat Trout
32%
NevadaLahontan Cutthroat Trout
32%
New MexicoRio Grande Cutthroat Trout
32%
OregonChinook Salmon
27%
WisconsinMuskellunge
27%
Atlantic Sailfish
18%
HawaiiHumuhumunukunukuapua'a
18%
Paddlefish
18%
ArizonaApache Trout
14%
MaineAtlantic Salmon
14%
Channel Bass
14%
TexasGuadalupe Bass
14%
Fighting Tarpon
9%
Garibaldi
9%
KentuckyKentucky Spotted Bass
9%
WashingtonSteelhead Trout
9%
OklahomaWhite Bass
9%
LouisianaWhite Crappie
9%
ConnecticutAmerican Shad
5%
DelawareWeakfis
5%
CaliforniaGoldren Trout
0%
ArkansasNone
0%

Score Distribution

Percentile by Number Answered

Percent of People with Each Score

Your Score History

You have not taken this quiz